[Event "Florianopolis Spring op 2nd"]
[Site "Florianopolis"]
[Date "2022.10.21"]
[Round "1"]
[White "Cassel, Amanda Barpi"]
[Black "Becker, Rogerio Sperb"]
[Result "0-1"]
[WhiteElo "1494"]
[BlackElo "2081"]
[PlyCount "128"]
[EventDate "2022.10.21"]
[EventType "swiss"]
[EventRounds "6"]
[EventCountry "BRA"]
[SourceTitle "EXT 2024"]
[Source "ChessBase"]
[SourceDate "2023.10.10"]
[SourceVersion "1"]
[SourceVersionDate "2023.10.10"]
[SourceQuality "1"]

1. e4 Nf6 2. e5 Nd5 3. d4 d6 4. Nf3 c6 5. c3 Bg4 6. exd6 exd6 7. Be2 Be7 8. 0-0 0-0 9. Nbd2 Nf4 10. Bc4 d5 11. Bb3 Nd3 12. Bc2 Nxc1 13. Rxc1 Bg5 14. Ra1 Bxd2 15. Qxd2 Bxf3 16. gxf3 Nd7 17. Qd3 Qh4 18. Kh1 Rfe8 19. Rg1 Nf8 20. Rg3 Re6 21. Rag1 g6 22. Qd2 Rae8 23. Bd3 Qe7 24. f4 Re1 25. f5 Rxg1+ 26. Rxg1 Qf6 27. Qh6 Qg7 28. Qg5 f6 29. Qg4 g5 30. Qh5 Qf7 31. Qg4 Re7 32. h4 h6 33. b3 Qe8 34. c4 Re1 35. cxd5 Rxg1+ 36. Qxg1 cxd5 37. Qg2 Qc6 38. Be2 Qc1+ 39. Kh2 Qf4+ 40. Kg1 Qxd4 41. Bf3 Qa1+ 42. Qf1 Qe5 43. Qb5 b6 44. Bxd5+ Kg7 45. Qd3 gxh4 46. Qf3 Qe1+ 47. Kg2 Qd2 48. Bc4 Qg5+ 49. Kh3 h5 50. Qd5 Kh6 51. Bd3 Qg4+ 52. Kh2 h3 53. Bf1 Qf4+ 54. Kh1 Qxf2 55. Bxh3 Qe1+ 56. Kh2 Qe5+ 57. Qxe5 fxe5 58. Kg3 Kg5 59. Kf3 Nd7 60. Ke4 Kf6 61. b4 h4 62. Kd5 Nf8 63. a3 Nh7 64. Bg4 Ng5 0-1

[Event "Concordia op 6th"]
[Site "Concordia"]
[Date "2022.10.15"]
[Round "7"]
[White "Peroza, Eduardo Antunes"]
[Black "Cassel, Amanda Barpi"]
[Result "1-0"]
[WhiteElo "2117"]
[BlackElo "1494"]
[PlyCount "64"]
[EventDate "2022.10.12"]
[EventType "swiss"]
[EventRounds "9"]
[EventCountry "BRA"]
[SourceTitle "CBM 210 Extra"]
[Source "ChessBase"]
[SourceDate "2022.11.30"]
[SourceVersion "1"]
[SourceVersionDate "2022.11.30"]
[SourceQuality "1"]

1. d4 Nf6 2. e3 g6 3. Nf3 Bg7 4. Be2 d6 5. Nc3 0-0 6. 0-0 a6 7. b3 Nc6 8. Bb2 Nd7 9. g3 e5 10. Nd5 e4 11. Nd2 Nf6 12. Nxf6+ Bxf6 13. d5 Bxb2 14. Nxe4 Bxa1 15. Qxa1 Ne5 16. f4 Bg4 17. Bxg4 Nxg4 18. h3 Nxe3 19. Nf6+ Qxf6 20. Qxf6 Nxf1 21. Kxf1 Rfe8 22. Kg2 Re2+ 23. Kh1 Rxc2 24. Qe7 h5 25. f5 Rxa2 26. fxg6 fxg6 27. Qe6+ Kg7 28. Qe7+ Kh6 29. Qxc7 b6 30. Qc1+ Kg7 31. Qc7+ Kh6 32. Qxd6 Rc2 1-0

[Event "Santa Catarina State-ch (Women) 35th"]
[Site "Rio Negrinho"]
[Date "2021.10.23"]
[Round "5"]
[White "Cassel, Amanda Barpi"]
[Black "Martins de Aguiar, Marina"]
[Result "0-1"]
[WhiteElo "1384"]
[BlackElo "1713"]
[PlyCount "76"]
[EventDate "2021.10.21"]
[EventType "swiss"]
[EventRounds "7"]
[EventCountry "BRA"]
[SourceTitle "EXT 2023"]
[Source "ChessBase"]
[SourceDate "2022.10.05"]
[SourceVersion "1"]
[SourceVersionDate "2022.10.05"]
[SourceQuality "1"]

1. e4 c5 2. Nc3 Nc6 3. f4 g6 4. Bc4 e6 5. Nf3 Bg7 6. 0-0 Nge7 7. Qe1 0-0 8. d3 d5 9. Bb3 Na5 10. Qg3 a6 11. a4 Nxb3 12. cxb3 Nc6 13. Kh1 Nb4 14. Ne1 Qd6 15. Qf2 b6 16. Bd2 Bd7 17. e5 Qe7 18. Na2 Nc6 19. Nf3 Rfc8 20. Rac1 f6 21. Rfe1 fxe5 22. fxe5 Rf8 23. Qg3 Rf5 24. Re2 Raf8 25. Ree1 Nxe5 26. Nxe5 Bxe5 27. Qg4 Bxb2 28. Rb1 Qf6 29. Be3 Bc6 30. Qe2 Be5 31. Bg1 d4 32. Rb2 Bd5 33. Qd2 Rg5 34. Re2 Rh5 35. Rf2 Rf5 36. b4 Bf4 37. Qe2 Qh4 38. h3 Qxh3+ 0-1

[Event "BRA-ch U16 Girls"]
[Site "Florianopolis"]
[Date "2021.07.04"]
[Round "6"]
[White "Bokhonok, Tatiana dos Santos"]
[Black "Cassel, Amanda Barpi"]
[Result "1-0"]
[WhiteElo "1251"]
[BlackElo "1458"]
[PlyCount "131"]
[EventDate "2021.07.01"]
[EventType "swiss"]
[EventRounds "6"]
[EventCountry "BRA"]
[SourceTitle "CBM 203 Extra"]
[Source "ChessBase"]
[SourceDate "2021.09.30"]
[SourceVersion "1"]
[SourceVersionDate "2021.09.30"]
[SourceQuality "1"]

1. d4 d5 2. Bf4 Nf6 3. e3 e6 4. Nf3 Be7 5. Nbd2 c5 6. c3 Nc6 7. Be2 0-0 8. Ne5 Nxe5 9. dxe5 Nd7 10. Bd3 f5 11. g4 c4 12. Bc2 Nc5 13. Nf3 Nd3+ 14. Bxd3 cxd3 15. Qxd3 fxg4 16. Nd4 Bg5 17. Ne2 Bxf4 18. Nxf4 Qg5 19. 0-0-0 Qxe5 20. Rdg1 Qf5 21. Qxf5 Rxf5 22. Rxg4 Rf7 23. Rg2 Bd7 24. Rhg1 Rc8 25. Nh5 g6 26. Nf4 Kf8 27. h4 Ke7 28. h5 gxh5 29. Rg7 Rcf8 30. Nxh5 Kd6 31. Nf4 Rxg7 32. Rxg7 Rh8 33. Nh5 h6 34. Nf6 Bc6 35. f4 h5 36. Rg3 h4 37. Rh3 e5 38. f5 Bd7 39. Nxd7 Kxd7 40. Kd2 Ke7 41. Kd3 Kf6 42. e4 dxe4+ 43. Kxe4 Rh5 44. b4 Kg5 45. Rh1 h3 46. Kxe5 h2 47. f6 Kg6+ 48. Ke6 Rh7 49. f7 Rxf7 50. Rxh2 Rf6+ 51. Kd5 Rc6 52. c4 a6 53. Re2 Kf7 54. c5 Rf6 55. a4 Rf4 56. Re4 Rf5+ 57. Kd6 Rf6+ 58. Kc7 a5 59. b5 Rf5 60. c6 bxc6 61. b6 Kg6 62. b7 Rf7+ 63. Kc8 Rf8+ 64. Kd7 c5 65. Re6+ Kf5 66. Rb6 1-0

[Event "BRA-ch U16 Girls"]
[Site "Florianopolis"]
[Date "2021.07.03"]
[Round "4"]
[White "May, Taina Beckauser"]
[Black "Cassel, Amanda Barpi"]
[Result "1/2-1/2"]
[WhiteElo "1088"]
[BlackElo "1458"]
[PlyCount "104"]
[EventDate "2021.07.01"]
[EventType "swiss"]
[EventRounds "6"]
[EventCountry "BRA"]
[SourceTitle "CBM 203 Extra"]
[Source "ChessBase"]
[SourceDate "2021.09.30"]
[SourceVersion "1"]
[SourceVersionDate "2021.09.30"]
[SourceQuality "1"]

1. e4 e5 2. Nf3 Nc6 3. Bb5 a6 4. Ba4 Nf6 5. 0-0 Be7 6. Nc3 b5 7. Bb3 0-0 8. Re1 d6 9. Nd5 Bg4 10. h3 Bh5 11. Nxf6+ Bxf6 12. Bd5 Qe8 13. c3 Rd8 14. Bxc6 Bxf3 15. Bxe8 Bxd1 16. Bxf7+ Rxf7 17. Rxd1 Bh4 18. g3 Bg5 19. d4 Bf6 20. f4 exf4 21. Bxf4 Re8 22. Re1 Rfe7 23. e5 dxe5 24. Bxe5 Bxe5 25. Rxe5 Rxe5 26. dxe5 Rxe5 27. Kf2 Kf7 28. Rd1 Ke7 29. Rd3 c5 30. b4 h6 31. Re3 Kd6 32. Rd3+ Rd5 33. Ke2 Rxd3 34. Kxd3 Kd5 35. a3 g6 36. g4 g5 37. Kc2 cxb4 38. axb4 Ke4 39. Kb3 Kf3 40. c4 bxc4+ 41. Kxc4 Kg3 42. Kc5 Kxh3 43. Kb6 Kxg4 44. Kxa6 Kf3 45. b5 g4 46. b6 g3 47. b7 g2 48. b8Q g1Q 49. Qb7+ Ke2 50. Qb5+ Ke1 51. Qb1+ Kf2 52. Qf5+ Ke1 1/2-1/2

[Event "BRA-ch U20 Girls"]
[Site "Concordia"]
[Date "2019.08.03"]
[Round "5"]
[White "Cassel, Amanda Barpi"]
[Black "Eger, Laura Luisa"]
[Result "1/2-1/2"]
[WhiteElo "1463"]
[BlackElo "1651"]
[PlyCount "61"]
[EventDate "2019.08.01"]
[EventType "swiss"]
[EventRounds "7"]
[EventCountry "BRA"]
[SourceTitle "EXT 2020"]
[Source "ChessBase"]
[SourceDate "2019.10.17"]
[SourceVersion "1"]
[SourceVersionDate "2019.10.17"]
[SourceQuality "1"]

1. e4 e5 2. Nf3 Nc6 3. Bc4 Nf6 4. d3 Be7 5. Nc3 d6 6. h3 Na5 7. Bb3 Nxb3 8. axb3 0-0 9. 0-0 Kh8 10. Nh2 Ng8 11. f4 exf4 12. Bxf4 Bg5 13. Qf3 Bxf4 14. Qxf4 c6 15. Nf3 Be6 16. Ng5 Qe7 17. Qg3 a6 18. Rf4 Nf6 19. Rh4 h6 20. Rf1 Nh7 21. Nxh7 Kxh7 22. Rhf4 Qg5 23. Qf3 Rad8 24. Kh1 Kg8 25. Qf2 d5 26. exd5 Bxd5 27. Rg4 Qe5 28. Re1 Qd6 29. Ne4 Bxe4 30. Rgxe4 Rd7 31. Rg4 1/2-1/2

[Event "Concordia op 4th"]
[Site "Concordia"]
[Date "2018.07.01"]
[Round "5"]
[White "Predebon, Eduardo Angonesi"]
[Black "Cassel, Amanda Barpi"]
[Result "1-0"]
[WhiteElo "1835"]
[BlackElo "1404"]
[PlyCount "87"]
[EventDate "2018.06.29"]
[EventType "swiss"]
[EventRounds "6"]
[EventCountry "BRA"]
[SourceTitle "EXT 2019"]
[Source "ChessBase"]
[SourceDate "2018.10.10"]
[SourceVersion "1"]
[SourceVersionDate "2018.10.10"]
[SourceQuality "1"]

1. e4 e5 2. Nf3 Nc6 3. Bc4 Bc5 4. b4 Bxb4 5. c3 Ba5 6. d4 d6 7. Qb3 Qe7 8. 0-0 Nf6 9. d5 Nd8 10. Qa4+ c6 11. Qxa5 Nxe4 12. Re1 Nf6 13. Ba3 b6 14. Qb4 c5 15. Bb5+ Bd7 16. Bxd7+ Qxd7 17. Qb3 0-0 18. c4 Qg4 19. Nfd2 Nb7 20. h3 Qg6 21. Qe3 Rfe8 22. Nc3 Nh5 23. g3 f5 24. Rac1 f4 25. Qe4 Qg5 26. Nf3 Qh6 27. Kg2 fxg3 28. fxg3 Rf8 29. Qg4 Rf7 30. Qg5 Qxg5 31. Nxg5 Rf6 32. Nce4 Rff8 33. Rf1 Na5 34. Nxd6 Rxf1 35. Rxf1 Nf6 36. Ne6 h6 37. Bc1 a6 38. Bxh6 Ra7 39. Bd2 Nb7 40. Nc8 Ra8 41. Nxb6 Re8 42. Bg5 Ne4 43. h4 Nbd6 44. Be3 1-0

[Event "Santa Catarina-chT"]
[Site "Piratuba"]
[Date "2018.04.14"]
[Round "3.3"]
[White "Cassel, Amanda Barpi"]
[Black "Doge, Gustavo Postein"]
[Result "0-1"]
[WhiteElo "1447"]
[BlackElo "1760"]
[PlyCount "68"]
[EventDate "2018.04.13"]
[EventType "team-swiss"]
[EventRounds "5"]
[EventCountry "BRA"]
[SourceTitle "CBM 184 Extra"]
[Source "ChessBase"]
[SourceDate "2018.06.28"]
[SourceVersion "1"]
[SourceVersionDate "2018.06.28"]
[SourceQuality "1"]
[WhiteTeam "Sicoob Gelnex"]
[BlackTeam "Jaragua do Sul"]
[WhiteTeamCountry "BRA"]
[BlackTeamCountry "BRA"]

1. e4 d5 2. exd5 Qxd5 3. Nc3 Qa5 4. Bc4 Nf6 5. d4 c6 6. Nge2 e6 7. 0-0 Bd6 8. Ng3 0-0 9. Nce4 Nxe4 10. Nxe4 Qc7 11. Nxd6 Qxd6 12. c3 Rd8 13. Qf3 b5 14. Bd3 e5 15. Be3 Be6 16. Rfd1 Nd7 17. Qg3 Qb8 18. Qh4 f5 19. a3 e4 20. Be2 Nb6 21. Bf4 Qb7 22. Rd2 a5 23. Be5 b4 24. axb4 axb4 25. Rdd1 bxc3 26. bxc3 Nd5 27. Qg3 Qf7 28. Rdb1 f4 29. Qg5 Nxc3 30. Bh5 g6 31. Re1 f3 32. g3 Ne2+ 33. Kh1 Bh3 34. Rab1 Bg2# 0-1

[Event "Catarinense-ch (Women)"]
[Site "Concordia"]
[Date "2018.02.25"]
[Round "6"]
[White "Cassel, Amanda Barpi"]
[Black "Durante, Tauany Seidel"]
[Result "1-0"]
[WhiteElo "1458"]
[BlackElo "1800"]
[PlyCount "63"]
[EventDate "2018.02.23"]
[EventType "swiss"]
[EventRounds "6"]
[EventCountry "BRA"]
[SourceTitle "EXT 2019"]
[Source "ChessBase"]
[SourceDate "2018.10.10"]
[SourceVersion "1"]
[SourceVersionDate "2018.10.10"]
[SourceQuality "1"]

1. e4 e5 2. Bc4 Nf6 3. d3 Bc5 4. Nf3 d6 5. 0-0 Nc6 6. Be3 0-0 7. c3 Ng4 8. Bxc5 dxc5 9. Qe2 Qf6 10. Nbd2 Qg6 11. Nb3 b6 12. Bd5 Bd7 13. Bxc6 Bxc6 14. h3 Nf6 15. Nxe5 Qh6 16. Nxc6 Rae8 17. Qf3 Re6 18. Nxa7 Nh5 19. Rad1 Rf6 20. Qg4 Nf4 21. Nc8 Re8 22. Ne7+ Kf8 23. Nf5 Qg6 24. Qxf4 Qh5 25. Qxc7 Qg5 26. d4 Rg6 27. Ng3 Re7 28. Qb8+ Re8 29. Qa7 h6 30. dxc5 bxc5 31. Nxc5 Rc6 32. Rd5 1-0

[Event "Catarinense-ch (Women)"]
[Site "Concordia"]
[Date "2018.02.25"]
[Round "5"]
[White "Goetten Wagner, Julia"]
[Black "Cassel, Amanda Barpi"]
[Result "1-0"]
[WhiteElo "1812"]
[BlackElo "1458"]
[PlyCount "59"]
[EventDate "2018.02.23"]
[EventType "swiss"]
[EventRounds "6"]
[EventCountry "BRA"]
[SourceTitle "EXT 2019"]
[Source "ChessBase"]
[SourceDate "2018.10.10"]
[SourceVersion "1"]
[SourceVersionDate "2018.10.10"]
[SourceQuality "1"]

1. e4 e5 2. Nc3 Nf6 3. Bc4 Bc5 4. d3 d6 5. h3 0-0 6. Na4 Bb6 7. Nxb6 axb6 8. f4 Be6 9. Bxe6 fxe6 10. fxe5 dxe5 11. Nf3 Nc6 12. Bg5 Qd7 13. Bh4 Qd6 14. 0-0 Rf7 15. g4 Rd7 16. Bg3 Rf8 17. Qd2 Nd4 18. Nxe5 Rdd8 19. Kh2 Qc5 20. c3 Nc6 21. Nxc6 bxc6 22. Qe2 Rf7 23. d4 Qg5 24. e5 Nd5 25. Rxf7 Kxf7 26. Rf1+ Kg8 27. Qf2 Qh6 28. Qf7+ Kh8 29. Qf8+ Rxf8 30. Rxf8# 1-0

[Event "Florianopolis Winter U220 op"]
[Site "Florianopolis"]
[Date "2016.08.20"]
[Round "3"]
[White "Cassel, Amanda Barpi"]
[Black "Da Silva, Juliano Roberto Ner"]
[Result "0-1"]
[WhiteElo "1791"]
[BlackElo "1801"]
[PlyCount "120"]
[EventDate "2016.08.19"]
[EventType "swiss"]
[EventRounds "7"]
[EventCountry "BRA"]
[SourceTitle "CBM 174 Extra"]
[Source "ChessBase"]
[SourceDate "2016.10.10"]
[SourceVersion "1"]
[SourceVersionDate "2016.10.10"]
[SourceQuality "1"]

1. e4 e6 2. d4 d5 3. Nd2 Nf6 4. e5 Nfd7 5. Bd3 c5 6. c3 Nc6 7. Ne2 f6 8. exf6 Nxf6 9. 0-0 cxd4 10. cxd4 Bd6 11. Qc2 Bd7 12. Nf3 Nb4 13. Qd2 Nxd3 14. Qxd3 0-0 15. Qe3 Qb6 16. b3 Rae8 17. Qg5 Ne4 18. Qg4 Qc7 19. Bh6 Re7 20. Rac1 Qb8 21. Ng3 e5 22. Qh5 Nxg3 23. fxg3 gxh6 24. Qxh6 Re6 25. Qg5+ Rg6 26. Qh4 e4 27. Ng5 Rg7 28. Qh6 Kh8 29. Rxf8+ Qxf8 30. Rf1 Qe7 31. Rf7 Rxf7 32. Nxf7+ Qxf7 33. Qxd6 Bc6 34. Qe5+ Kg8 35. Qg5+ Qg7 36. Qxg7+ Kxg7 37. Kf2 Kf6 38. Ke3 Kf5 39. h3 h5 40. a4 b5 41. axb5 Bxb5 42. b4 Bc4 43. Kd2 Bf1 44. h4 Bxg2 45. Ke3 Kg4 46. Kf2 Bf3 47. Kf1 Kxg3 48. b5 Kxh4 49. Kf2 Kg4 50. Kg1 Kg3 51. Kf1 h4 52. Ke1 h3 53. Kd2 h2 54. Kc3 h1Q 55. Kb4 Qc1 56. Kb3 Qc4+ 57. Ka3 Bd1 58. Kb2 Qb3+ 59. Ka1 Bc2 60. b6 Qb1# 0-1

[Event "Florianopolis Winter U220 op"]
[Site "Florianopolis"]
[Date "2016.08.19"]
[Round "1"]
[White "Cassel, Amanda Barpi"]
[Black "Boeira, Dimitri Ariel Pires"]
[Result "1-0"]
[WhiteElo "1791"]
[BlackElo "1830"]
[PlyCount "46"]
[EventDate "2016.08.19"]
[EventType "swiss"]
[EventRounds "7"]
[EventCountry "BRA"]
[SourceTitle "CBM 174 Extra"]
[Source "ChessBase"]
[SourceDate "2016.10.10"]
[SourceVersion "1"]
[SourceVersionDate "2016.10.10"]
[SourceQuality "1"]

1. e4 e6 2. d4 d5 3. Nd2 Nf6 4. e5 Nfd7 5. Bd3 c5 6. c3 Nc6 7. Ne2 cxd4 8. cxd4 f6 9. exf6 Nxf6 10. 0-0 Bd6 11. Qc2 0-0 12. a3 Bd7 13. Nf3 Rc8 14. Qd2 Qc7 15. Ng3 Na5 16. Qg5 Nb3 17. Rb1 Nxc1 18. Rbxc1 Qb8 19. Nh5 Nxh5 20. Qxh5 h6 21. Qg6 Rf6 22. Rxc8+ Bxc8 23. Qe8+ Rf8 1-0